[Event "Korolev-ch"]
[Site "Korolev"]
[Date "2002.??.??"]
[Round "5"]
[White "Abaturov, Aleksandr"]
[Black "Gejko, Vladimir"]
[Result "1-0"]
[WhiteElo "2214"]
[BlackElo "2204"]
[PlyCount "67"]
[EventDate "2002.??.??"]
[EventType "swiss"]
[EventRounds "9"]
[EventCountry "RUS"]
[SourceTitle "EXT 2010"]
[Source "ChessBase"]
[SourceDate "2010.11.25"]
[SourceVersion "1"]
[SourceVersionDate "2010.11.25"]
[SourceQuality "1"]

1. e4 c5 2. Nc3 Nc6 3. g3 g6 4. Bg2 Bg7 5. d3 h6 6. Be3 d6 7. Qd2 a6 8. f4 Rb8 9. Nf3 Bg4 10. 0-0 b5 11. f5 Bxf3 12. fxg6 fxg6 13. Rxf3 Ne5 14. Rff1 e6 15. Bh3 Qe7 16. Ne2 g5 17. c3 Nf6 18. Kh1 0-0 19. b3 c4 20. Nd4 cxd3 21. Bxe6+ Kh8 22. Bf5 Nfg4 23. Bg1 h5 24. Ne6 Rg8 25. Nxg7 Rxg7 26. Bd4 Kg8 27. a4 Rf8 28. axb5 axb5 29. Ra7 Qd8 30. Rxg7+ Kxg7 31. Qxd3 Qe8 32. Qd2 Kh6 33. h3 Nf6 34. Qxg5+ 1-0

[Event "Korolev-ch"]
[Site "Korolev"]
[Date "2002.??.??"]
[Round "3"]
[White "Gejko, Vladimir"]
[Black "Salishchev, Yury Kirillovich"]
[Result "1/2-1/2"]
[WhiteElo "2204"]
[BlackElo "2302"]
[PlyCount "43"]
[EventDate "2002.??.??"]
[EventType "swiss"]
[EventRounds "9"]
[EventCountry "RUS"]
[SourceTitle "EXT 2010"]
[Source "ChessBase"]
[SourceDate "2010.11.25"]
[SourceVersion "1"]
[SourceVersionDate "2010.11.25"]
[SourceQuality "1"]

1. e4 e5 2. Nf3 Nc6 3. Bb5 Nf6 4. 0-0 Nxe4 5. Re1 Nd6 6. Bxc6 dxc6 7. Nxe5 Be7 8. Qe2 Nf5 9. c3 0-0 10. d4 c5 11. dxc5 Bxc5 12. Nf3 Be6 13. Bg5 Qd5 14. Qc2 Qc6 15. Nbd2 Nd6 16. Be3 Rfe8 17. Bxc5 Qxc5 18. Re5 Qb6 19. Ng5 g6 20. Nxe6 fxe6 21. Rae1 Nf7 22. R5e3 1/2-1/2

[Event "Korolev-ch"]
[Site "Korolev"]
[Date "2000.??.??"]
[Round "7"]
[White "Gejko, Vladimir"]
[Black "Kirov, Alexandr"]
[Result "1/2-1/2"]
[WhiteElo "2197"]
[BlackElo "2255"]
[PlyCount "145"]
[EventDate "2000.??.??"]
[EventType "swiss"]
[EventRounds "9"]
[EventCountry "RUS"]
[SourceTitle "EXT 2006"]
[Source "ChessBase"]
[SourceDate "2005.11.24"]
[SourceVersion "1"]
[SourceVersionDate "2005.11.24"]
[SourceQuality "1"]

1. d4 d5 2. c4 e6 3. Nf3 c6 4. e3 Nf6 5. Qc2 Nbd7 6. Nc3 Bb4 7. Bd3 Qe7 8. 0-0 0-0 9. cxd5 exd5 10. a3 Bxc3 11. bxc3 Ne4 12. c4 Ndf6 13. Ne5 h6 14. a4 Re8 15. Ba3 Qd8 16. f3 Ng5 17. cxd5 Nxd5 18. Qf2 Qf6 19. Rae1 Rd8 20. Bb2 Qe7 21. f4 Nh7 22. Bxh7+ Kxh7 23. e4 Nf6 24. h3 Ne8 25. f5 Kg8 26. Ng4 Nf6 27. Ne5 Qb4 28. Nd3 Qf8 29. e5 Nd5 30. Nc5 b6 31. Ne4 Ba6 32. Nd6 Rxd6 33. exd6 Bxf1 34. Qxf1 Qxd6 35. Qc4 Rd8 36. Re5 Qd7 37. Ba3 Re8 38. g4 f6 39. Re2 Rxe2 40. Qxe2 Kf7 41. Qa6 Qc7 42. Qd3 Qf4 43. a5 h5 44. gxh5 Qe3+ 45. Qxe3 Nxe3 46. axb6 axb6 47. Bd6 Nxf5 48. Bc7 b5 49. Bb6 Ng3 50. h6 gxh6 51. Kg2 Nf5 52. Kf3 Ke6 53. Kf4 h5 54. Bc5 Nd6 55. Ke3 Kd5 56. Kd3 Ne4 57. Be7 Nf2+ 58. Ke3 Nxh3 59. Bxf6 Ng1 60. Kd3 Nf3 61. Ke3 Nh2 62. Bh4 Kc4 63. Be7 b4 64. Bc5 b3 65. Ba3 Kc3 66. Ke4 b2 67. Bxb2+ Kxb2 68. d5 cxd5+ 69. Kxd5 Ng4 70. Ke4 h4 71. Kf3 h3 72. Kg3 h2 73. Kg2 1/2-1/2

[Event "Korolev-ch"]
[Site "Korolev"]
[Date "2000.??.??"]
[Round "8"]
[White "Gejko, Vladimir"]
[Black "Samatov, Anatolij"]
[Result "1/2-1/2"]
[WhiteElo "2197"]
[BlackElo "2255"]
[PlyCount "100"]
[EventDate "2000.??.??"]
[EventType "swiss"]
[EventRounds "9"]
[EventCountry "RUS"]
[SourceTitle "EXT 2006"]
[Source "ChessBase"]
[SourceDate "2005.11.24"]
[SourceVersion "1"]
[SourceVersionDate "2005.11.24"]
[SourceQuality "1"]

1. d4 d5 2. c4 e6 3. Nf3 Be7 4. Nc3 Nf6 5. e3 0-0 6. Bd3 c5 7. 0-0 cxd4 8. exd4 Nc6 9. cxd5 exd5 10. h3 h6 11. Bf4 Be6 12. Rc1 Rc8 13. Re1 a6 14. a3 Re8 15. b4 b5 16. Bb1 Bd6 17. Bxd6 Qxd6 18. Ne5 Ne7 19. Qf3 Rc7 20. Ne2 Rec8 21. Rc5 Nd7 22. Nxd7 Qxd7 23. Ng3 Nc6 24. Qf4 Ne7 25. Rec1 Rxc5 26. Rxc5 Rxc5 27. bxc5 Nc6 28. Nh5 Kf8 29. Qg3 f5 30. Qe3 Bf7 31. Nf4 Qe7 32. Bxf5 Qf6 33. Bd7 Nxd4 34. Nxd5 Nc2 35. Nxf6 Nxe3 36. fxe3 gxf6 37. Kf2 Ke7 38. Bc6 Bc4 39. e4 Ke6 40. g3 a5 41. Ke3 Ke5 42. Bd7 b4 43. axb4 axb4 44. Ba4 b3 45. c6 Kd6 46. Kd2 Be6 47. Kc3 Bxh3 48. Bxb3 Kxc6 49. Kd4 Kd6 50. Bd1 Bd7 1/2-1/2

[Event "Korolev-ch"]
[Site "Korolev"]
[Date "2000.??.??"]
[Round "6"]
[White "Zolotarski, Vladimir T"]
[Black "Gejko, Vladimir"]
[Result "0-1"]
[WhiteElo "2103"]
[BlackElo "2197"]
[PlyCount "88"]
[EventDate "2000.??.??"]
[EventType "swiss"]
[EventRounds "9"]
[EventCountry "RUS"]
[SourceTitle "EXT 2006"]
[Source "ChessBase"]
[SourceDate "2005.11.24"]
[SourceVersion "1"]
[SourceVersionDate "2005.11.24"]
[SourceQuality "1"]

1. Nf3 c5 2. c4 g6 3. Nc3 Nc6 4. d4 cxd4 5. Nxd4 Bg7 6. e3 Nf6 7. g3 0-0 8. Bg2 Ne5 9. Qe2 d6 10. 0-0 Qc7 11. b3 Bg4 12. Qc2 a6 13. Bb2 Rab8 14. Rac1 Bh6 15. h3 Bd7 16. Kh2 Qc8 17. Qd1 Re8 18. a3 Qc5 19. Nce2 Nh5 20. Nf3 Qc7 21. Nfd4 Rbd8 22. Nc3 Nf6 23. Nd5 Nxd5 24. Bxd5 Bg7 25. Bg2 h5 26. Bc3 h4 27. Rc2 hxg3+ 28. fxg3 Nc6 29. Ne2 e5 30. Bb2 Be6 31. Nc3 Ne7 32. Nd5 Bxd5 33. cxd5 Qb6 34. Rcf2 Nf5 35. Bc1 e4 36. Rg1 Be5 37. Bf1 Nxe3 38. Qe2 Bd4 39. Bb2 Nxd5 40. Bxd4 Qxd4 41. Qa2 e3 42. Rfg2 b5 43. b4 Re5 44. Be2 Nc3 0-1

[Event "Korolev-ch"]
[Site "Korolev"]
[Date "1999.??.??"]
[Round "1"]
[White "Gejko, Vladimir"]
[Black "Salishchev, Yury Kirillovich"]
[Result "0-1"]
[WhiteElo "2189"]
[BlackElo "2254"]
[PlyCount "64"]
[EventDate "1999.??.??"]
[EventType "swiss"]
[EventRounds "9"]
[EventCountry "RUS"]
[SourceTitle "EXT 2006"]
[Source "ChessBase"]
[SourceDate "2005.11.24"]
[SourceVersion "1"]
[SourceVersionDate "2005.11.24"]
[SourceQuality "1"]

1. d4 e6 2. c4 f5 3. Nf3 Nf6 4. g3 Be7 5. Bg2 0-0 6. Nc3 Qe8 7. 0-0 d6 8. Qc2 Qg6 9. Nh4 Qh5 10. Nf3 Nbd7 11. b3 c6 12. Ba3 Ng4 13. e3 Ndf6 14. h3 Nh6 15. Rfe1 Bd7 16. Rad1 Rae8 17. c5 d5 18. Ne5 Nf7 19. Qe2 Qh6 20. Bc1 Nxe5 21. dxe5 Ne4 22. Nxe4 fxe4 23. b4 Rf5 24. Bb2 Ref8 25. Rf1 Be8 26. a4 Rf3 27. Bd4 Bh5 28. g4 Bg6 29. Qc2 Rxh3 30. Bxh3 Qxh3 31. f4 exf3 32. Qf2 Bh4 0-1

[Event "Korolev-ch"]
[Site "Korolev"]
[Date "1999.??.??"]
[Round "9"]
[White "Kemenov, Valery"]
[Black "Gejko, Vladimir"]
[Result "1/2-1/2"]
[WhiteElo "2122"]
[BlackElo "2189"]
[PlyCount "139"]
[EventDate "1999.??.??"]
[EventType "swiss"]
[EventRounds "9"]
[EventCountry "RUS"]
[SourceTitle "EXT 2006"]
[Source "ChessBase"]
[SourceDate "2005.11.24"]
[SourceVersion "1"]
[SourceVersionDate "2005.11.24"]
[SourceQuality "1"]

1. d4 Nf6 2. c4 e6 3. Nc3 d5 4. Bg5 Be7 5. e3 h6 6. Bf4 0-0 7. Bd3 c5 8. Nge2 Nc6 9. 0-0 cxd4 10. exd4 Nb4 11. Bb1 dxc4 12. a3 Nbd5 13. Be5 Ng4 14. Qc2 f5 15. Nxd5 exd5 16. Nf4 Bd6 17. Ng6 Rf6 18. Nf4 Bxe5 19. dxe5 Nxe5 20. Rd1 Rd6 21. Qe2 Ng4 22. h3 Nf6 23. Qe5 d4 24. Ba2 b5 25. Qxb5 Qd7 26. Qxc4+ Kh7 27. Rac1 Ba6 28. Qf7 Qxf7 29. Bxf7 Bc8 30. Rc7 Bd7 31. Bg6+ Kh8 32. Nd3 Nd5 33. Ne5 Nxc7 34. Nf7+ Kg8 35. Nxd6 Rb8 36. b4 a5 37. Rxd4 axb4 38. axb4 Ne6 39. Bf7+ Kf8 40. Bxe6 Bxe6 41. Nxf5 Bxf5 42. Rf4 Kg8 43. Rxf5 Rxb4 44. g3 Rb3 45. Kg2 Rb2 46. h4 Rc2 47. h5 Rb2 48. g4 Rb4 49. Kg3 Rb3+ 50. f3 Rc3 51. Ra5 Rb3 52. Ra6 Rc3 53. Kf4 Rc4+ 54. Ke5 Rc5+ 55. Ke6 Rc3 56. f4 Rc4 57. Kf5 Rc5+ 58. Kg6 Rc8 59. g5 hxg5 60. fxg5 Rb8 61. h6 gxh6 62. Kxh6 Rc8 63. Rf6 Rb8 64. Rg6+ Kh8 65. Rg7 Rb6+ 66. Rg6 Rb8 67. Re6 Kg8 68. g6 Rc8 69. Rf6 Rc1 70. Rf5 1/2-1/2

[Event "Korolev-ch"]
[Site "Korolev"]
[Date "1999.??.??"]
[Round "6"]
[White "Lugovoj, Mikhail"]
[Black "Gejko, Vladimir"]
[Result "1/2-1/2"]
[WhiteElo "2240"]
[BlackElo "2189"]
[PlyCount "48"]
[EventDate "1999.??.??"]
[EventType "swiss"]
[EventRounds "9"]
[EventCountry "RUS"]
[SourceTitle "EXT 2006"]
[Source "ChessBase"]
[SourceDate "2005.11.24"]
[SourceVersion "1"]
[SourceVersionDate "2005.11.24"]
[SourceQuality "1"]

1. d4 Nf6 2. c4 e6 3. Nc3 d5 4. Bg5 Be7 5. e3 0-0 6. Nf3 h6 7. Bh4 Ne4 8. Bxe7 Qxe7 9. Bd3 Nxc3 10. bxc3 dxc4 11. Bxc4 c5 12. 0-0 Nc6 13. Qe2 e5 14. d5 Na5 15. e4 Bg4 16. Bd3 Qf6 17. Qe3 Bxf3 18. gxf3 b6 19. Kh1 Nb7 20. Bb5 Nd6 21. Bc6 Rab8 22. Rg1 Kh8 23. Rg4 Nc4 24. Qe2 Nd6 1/2-1/2